Comentarios al Cd̤igo Penal

Bibliographic Details
Main Author: Vz̀quez Iruzubieta, Carlos
Format: Unknown
Language:Spanish
Published: Barcelona : vLex, 2009
Subjects:
Online Access:Acceso restringido

MARC

LEADER 00000ny a22000003n 4500
005 20110615114346.0
008 090727s2000 sp || 000|0 spa d
035 |a 4579 
040 |a BUS  |d vLex 
090 |c 692  |d 692 
100 1 |a Vz̀quez Iruzubieta, Carlos 
245 1 0 |a Comentarios al Cd̤igo Penal  |h [Recurso electrn̤ico]  |c Carlos Vz̀quez Iruzubieta 
256 |a Servicio en ln̕ea 
260 |a Barcelona :  |b vLex,  |c 2009 
506 1 |a Contenido solo disponible en los productos indicados  |d vLex Global  |d vLex Global (Academic Edition, excluding Law Schools)  |d vLex Global (U.S. Academic Edition, Law Schools)  |d vLex Global (U.S. Academic Edition, excluding Law Schools)  |d vLex Global (Academic Edition, Law Schools) 
650 0 7 |a Derecho penal  |2 Tesauro vLex 
740 0 |a vLex Libros (Servicios en ln̕ea) 
856 4 0 |u http://vlex.com/source/4579  |z Acceso restringido 
942 |c BOOK 
999 0 |a Criminal Law  |b Barcelona